Statistiques concernant Présidents chinois

Cliquez ici pour prendre le quiz!

Statistiques générales

  • Ce quiz a été pris 115 fois
  • Le résultat moyen est 4 sur 12

Statistiques - réponses

HintRéponse% Correct
1949-1959Mao Zedong
100%
2013-aujourd'huiXi Jinping
88%
1976-1978Deng Xiaoping
71%
2003-2013Hu Jintao
50%
1993-2003Jiang Zemin
29%
1959-1968Liu Shaoqi
10%
1988-1993général Yang Shangkun
6%
1983-1988Li Xiannian
4%
1975-1976maréchal Chu Teh
4%
1983Peng Zhen
4%
1968-1975Dong Biwu
2%
1978-1983maréchal Ye Jianying
2%

Distribution des résultats

Percentile par nombre de réponses

% des personnes avec chaque résultat

Votre développement - résultats

Vous n’avez pas pris ce quiz